Land Banking : Public Policy alternatives and dilemmas
| Main Author: | |
|---|---|
| Format: | Book |
| Published: |
Washington D.C. :
The urban institute ,
1970
|
| Subjects: |
MARC
| LEADER | 00000cam a2200000 7i4500 | ||
|---|---|---|---|
| 001 | 0000007720 | ||
| 005 | 20161230.0 | ||
| 020 | |a 877660719 | ||
| 040 | |a INS | ||
| 090 | 0 | 0 | |a HD295 |b K36 1970 |
| 100 | 0 | |a Kamm, Sylvan | |
| 245 | 0 | 0 | |a Land Banking : |b Public Policy alternatives and dilemmas |c Sylvan Kamm |
| 260 | |a Washington D.C. : |b The urban institute , |c 1970 | ||
| 300 | |a 74p. : |b 28 cm | ||
| 650 | 0 | |a Housing |z United States | |
| 650 | 0 | 0 | |a Land use |z United States |
| 999 | |a 0000023012 |b BOOK |c Open Shelf |e Default branch | ||